Diálogos del camino (Record no. 117948)

MARC details
000 -LEADER
campo de control de longitud fija 00611nam a2200193 i 4500
001 - NÚMERO DE CONTROL
campo de control 117948
003 - IDENTIFICADOR DE NÚMERO DE CONTROL
campo de control ES-MaACL
005 - FECHA Y HORA DE LA ÚLTIMA TRANSACCIÓN
campo de control 20230906191012.0
007 - CAMPO FIJO DE DESCRIPCIÓN FÍSICA--INFORMACIÓN GENERAL
campo de control de longitud fija t|
008 - DATOS DE LONGITUD FIJA--INFORMACIÓN GENERAL
campo de control de longitud fija 070214s1962 sp r ||||1| spa d
100 1# - ENTRADA PRINCIPAL--NOMBRE DE PERSONA
Nombre de persona Pelay Orozco, Miguel.
9 (RLIN) 90021
245 10 - MENCIÓN DEL TÍTULO
Título Diálogos del camino
Resto del título : (sobre el carácter vasco y otros ensayos) /
Mención de responsabilidad, etc. Miguel Pelay Orozco.
260 ## - PUBLICACIÓN, DISTRIBUCIÓN, ETC.
Lugar de publicación, distribución, etc. San Sebastián :
Nombre del editor, distribuidor, etc. Auñamendi,
Fecha de publicación, distribución, etc. 1962.
300 ## - DESCRIPCIÓN FÍSICA
Extensión 199 p. ;
Dimensiones 18 cm.
490 1# - MENCIÓN DE SERIE
Mención de serie Colección "Auñamendi" ;
Designación de volumen o secuencia 20
830 0# - PUNTO DE ACCESO ADICIONAL DE SERIE-TÍTULO UNIFORME
Título uniforme Colección "Auñamendi" ;
Designación de volumen o secuencia 20
9 (RLIN) 181019
852 ## - LOCALIZACIÓN
Ubicación ES-MaACL
Número de control de estantería C-21363
Sublocalización o colección R.49681
Holdings
Estatus retirado Estado de pérdida Estado de daño No para préstamo Biblioteca de origen Biblioteca actual Ubicación en estantería Fecha de adquisición Fuente de adquisición Total de préstamos Signatura topográfica completa Código de barras Visto por última vez Precio de reemplazo Tipo de ítem Koha
        Biblioteca del Ateneo de Madrid Biblioteca del Ateneo de Madrid Galería 17/01/2008     C-21363 1122963 23/02/2023 23/02/2023 Libro impreso